| 000 | 00891nam a22002417a 4500 | ||
|---|---|---|---|
| 005 | 20211108100516.0 | ||
| 008 | 211108b2020 my ||||| |||| 00| 0 eng d | ||
| 020 | _a9789672388470 | ||
| 040 | _aAKMAL | ||
| 082 | 0 | 4 | _a001.42 QUA |
| 090 |
_a001.42 _b QUA |
||
| 100 |
_aAzlina Abdul Aziz, Hamidah Yamat _99324 |
||
| 245 | 0 | 0 |
_aQUALITATIVE RESEARCH DESIGNS : _bThe Researcher's Choice & Consideration _cedited by Azlina Abdul Aziz, Hamidah Yamat |
| 264 | 1 |
_aBangi, Selangor : _bPenerbit Universiti Kebangsaan Malaysia _c2020 |
|
| 300 |
_a124 pages _c23cm |
||
| 504 | _a Includes bibliographical references and index | ||
| 650 | 1 | 0 |
_aQualitative research _99325 |
| 650 | 2 | 0 |
_aQualitative research _xMethodology _99326 |
| 650 | 2 | 0 |
_aGovernment publications _zMalaysia _99327 |
| 700 | 0 |
_a Azlina Abdul Aziz _eeditor. _99328 |
|
| 700 | 0 |
_aHamidah Yamat, _eeditor. _99329 |
|
| 942 |
_2ddc _cBOOK |
||
| 999 |
_c4911 _d4911 |
||